000 00337nam a2200133Ia 4500
008 151001s9999||||xx |||||||||||||| ||und||
100 _aप्रशांत पोखरकर
245 _aरस्तय
250 _a1
260 _bसोनवणी संजय
260 _c1993
300 _a222
365 _b22
999 _c969830
_d969827